| 000 | 00562cam a2200193 4500 | ||
|---|---|---|---|
| 008 | 020527n2004 000 0 eng u | ||
| 020 | _a1904829082 | ||
| 035 | _a(Sirsi) u126970 | ||
| 041 | _aeng. | ||
| 050 | _a690.24 | ||
| 110 |
_aBuilding Maintenance Information _93229 |
||
| 245 | _aReview of occupancy costs 2004 | ||
| 260 |
_aLondon _bBuilding Maintenance Information _c2004 |
||
| 300 |
_a96p. _c30cm. |
||
| 490 |
_aBMI Special Report _v332 |
||
| 650 | _aOCCUPANCY COSTS | ||
| 690 | _aBUILDING AND CONSTRUCTION-REPAIRS AND MAINTENANCE | ||
| 942 | _n0 | ||
| 999 |
_c103692 _d103692 |
||